LEADER 00980nam a2200217 4500 001 000000346325 003 CaOOAMICUS 005 20210608152129.0 008 210531s198u it a 000 u ita r 040 $aSeMil$bita 245 00$aGuida per il Tempio di Lovere /$ctesto: Ida Cattaneo, sr. Letizia. 264 1$aClusone :$bTipolito Ferrari,$c[198?] 300 $a48 p. :$bill. ;$c21 cm 650 4$aLovere - Santuario delle Sante Capitanio e Gerosa.$0(OLS)http://semarc/subject/50493 700 1 $aCattaneo, Ida.$0(OLS)http://semarc/name/114066 710 0 $aSuore di Carità delle ss. Bartolomea Capitanio e Vincenza Gerosa .$0(OLS)http://semarc/name/44091 850 $aSeMil 852 $aSeMil$W1$xVenegono$y1$m5D VIII 28/2$j226990$B237577$CSeMilBibl$Z2$F237577 $81 996 $6245$aGuida per il Tempio di Lovere$9(OLS)http://semarc/title/435521 996 $6264$aClusone :$bTipolito Ferrari$9(OLS)http://semarc/publisher/59863 LEADER 01217nam a2200229 i 4500 001 000000076329 003 CaOOAMICUS 005 20251017120046.0 008 110812s1809 it u000 u ita u 013 $a47501 026 $aheto 7.o. 8.7. anma (7) 1809 (A) 040 $aSeMil$bita 245 10$aVol. 2. 300 $a356 [i.e. 355], [1] p. 490 0 $aEdizione delle opere classiche italiane 773 0 $aSalviati, Leonardo <1540-1589>$tOpere del cavaliere Lionardo Salviati. Volume 1. [-5.].$dMilano : Tip. de' Classici Italiani, contrada di S. Margherita, n.° 1118, 1809-1810.$kEdizione delle opere classiche italiane$g2$w()1375 773 0 $aSalviati, Leonardo <1540-1589>$tDegli avvertimenti della lingua sopra 'l Decamerone del cavaliere Lionardo Salviati. Volume 1. [-3.].$dMilano : Tip. de' Classici Italiani, contrada di S. Margherita, n.° 1118, 1809-1810.$kEdizione delle opere classiche italiane$g1$w()25292 830 0$aEdizione delle opere classiche italiane.$0(OLS)http://semarc/title/33675 850 $aSeMil 852 $aSeMil$W1$xVenegono$y1$m1L I 18 FA$j42481$B42481$CSeMilBibl$Z2$F42485 $8I 996 $6245$aVol. 2$9(OLS)http://semarc/title/13458